Battleship and Battlecruiser classes of WW2 by picture - Statistics

General Stats
  • This quiz has been taken 11 times
  • The average score is 13 of 32
Answer Stats
Picture Answer % Correct
Iowa-class
90%
Yamato-class
80%
Bismarck-class
70%
Fuso-class
70%
Kongo-class
60%
Nagato-class
60%
Nelson-class
60%
King George V-class
50%
New York-class
50%
North Carolina-class
50%
Scharnhorst-class
50%
Admiral-class
40%
Ise-class
40%
Littorio-class
40%
Andrea Doria-class
30%
Deutschland-class
30%
Dunkerque-class
30%
Gangut-class
30%
New Mexico-class
30%
Pennsylvania-class
30%
Queen Elizabeth-class
30%
Renown-class
30%
Richelieu-class
30%
South Dakota-class
30%
Tennessee-class
30%
Colorado-class
20%
Conte di Cavour-class
20%
Nevada-class
20%
Revenge-class
20%
Wyoming-class
20%
Bretagne-class
10%
Courbet-class
10%
No matching quizzes found
Score Distribution
Percent of People with Each Score
Percentile by Number Answered
Your Score History
You have not taken this quiz